Science Quiz

Random Science or Physics Quiz

Most Common Words in 'A Brief History of Time' Quiz Stats

Quiz Updated Mar 14, 2018

Also try: Digits of Pi
Challenge
Share
Tweet
Embed
Score 0/200 Timer 17:00
0 Plays Today
Count Word % Correct
1546A
98.5%
4883The
97.5%
146I
95.8%
254An
87.2%
380Time
85.9%
1410To
83.4%
672Be
80.5%
1376In
80.4%
2384Of
80.1%
828Is
78%
404We
77.4%
1164And
75.6%
314On
74.9%
142He
74.3%
144No
72.6%
821It
71%
347For
70%
107His
69.7%
75Do
67.3%
117Space
67%
138When
66.3%
93You
65.6%
252So
65.5%
97Star
64.5%
210Can
63.6%
393Not
62.3%
312Are
61.4%
450At
60.9%
150What
60.2%
72Why
59.5%
466As
58.2%
290If
57.3%
108Earth
57.1%
65Who
56.8%
73How
56.1%
1324That
55.9%
276They
55.8%
279There
55.1%
231Black
54.8%
280Or
53.6%
526Universe
52.6%
87Then
51.8%
484One
51.7%
138Hole
51.6%
190Will
51.4%
99Sun
51.3%
203Could
51.1%
449Was
49.8%
297From
49.1%
193Were
48.6%
405This
48.3%
452Have
47.6%
138Two
47.6%
319But
47.4%
665Would
46.5%
76Big
46.2%
213Light
46%
100Us
45.7%
124Up
44.6%
181All
43.9%
120Out
42.9%
87Should
42.9%
53See
41.7%
104Their
41.5%
368By
40.9%
259Theory
40.8%
114Our
40.6%
Count Word % Correct
119Has
40%
46Galaxy
39.7%
208Had
38.7%
61Science
38.7%
84Them
37.1%
106Stars
37%
62Bang
37%
335With
36.8%
60Down
36.6%
98Some
35.3%
74Did
34.9%
160Than
33.5%
144Because
32.6%
53Know
32.5%
99Gravity
32.4%
147Its
32.3%
60Does
32.1%
70Years
31.7%
159More
31%
47New
30.5%
112Into
29.7%
157Like
28.6%
62Before
28.2%
141Been
28.1%
43After
28%
44Off
27.7%
94Just
27.5%
100Way
26.9%
141Million
26.6%
145These
26.1%
126Any
25.9%
66Now
25.8%
77Speed
25.5%
118Matter
25.4%
71May
24.8%
54Second
24.5%
54People
24.4%
57Most
24.3%
46Many
23.5%
58Small
23.3%
58End
23.1%
272Which
22.4%
93Even
22.3%
89First
22.3%
62Travel
22.1%
57Make
21.8%
91Particle
21.5%
87Mass
21.4%
174Very
20.8%
135Energy
20.7%
55Cannot
20.3%
126About
20.2%
55Beginning
20%
96Force
19.2%
98Might
18.9%
177Only
18.4%
48Thousand
18.3%
43Being
18%
258Other
17.7%
105Relativity
17.5%
88Must
17.2%
54Around
16.7%
60Large
16.2%
59Back
15.6%
94Much
15.3%
86Also
15.3%
101Quantum
15.1%
Count Word % Correct
47Always
15%
52Away
14.9%
44Use
14.8%
67Made
14.7%
54Past
14.6%
62Galaxies
14.3%
89Holes
14.1%
56Real
13.8%
175However
13%
61Form
12.5%
114Each
12.3%
80Number
11.7%
65Distance
11.6%
182Particles
10.7%
67Therefore
10.5%
150Same
10.1%
67Theories
10.1%
125Between
9.2%
58Thus
9.2%
49Another
8.9%
66Event
8.4%
48Infinite
7.9%
57Still
7.7%
59Forces
7.7%
45Together
7.5%
66Idea
7.5%
53Expanding
7.2%
127Such
7.2%
46String
7.2%
82Waves
7%
48Mechanics
6.9%
48Strong
6.8%
113Different
6.7%
92State
6.6%
47Body
6.4%
68Possible
6.3%
85Space-Time
6.1%
96Laws
6%
63Fact
5.9%
46Set
5.9%
106Gravitational
5.9%
84General
5.7%
45Observe
5.7%
45Later
5.2%
57Point
5.1%
50Singularity
5%
43Electrons
4.7%
48Expansion
4.4%
52Early
4.1%
78Principle
3.8%
43Order
3.5%
46Collapse
3.5%
80Called
3.4%
57Moving
3.4%
44Means
3.3%
60Model
3.2%
57Rate
3.2%
48Case
2.6%
70Direction
2.5%
55Rather
2.5%
48Example
2.4%
48Complete
2%
44Unified
1.7%
43Eventually
1.6%
44According
1.4%
54Boundary
1.1%

You're not logged in!

Compare scores with friends on all Sporcle quizzes.
Sign Up with Email
OR
Log In

You Might Also Like...

Show Comments

Extras

Top Quizzes Today


Score Distribution

Your Account Isn't Verified!

In order to create a playlist on Sporcle, you need to verify the email address you used during registration. Go to your Sporcle Settings to finish the process.

Report this User

Report this user for behavior that violates our Community Guidelines.

Details: